[Event "Morava Region-chTA"]
[Site "Czech Republic"]
[Date "2024.11.17"]
[Round "3.5"]
[White "Daricek, Vitezslav"]
[Black "Vavrinkova, Anna"]
[Result "0-1"]
[WhiteElo "1898"]
[BlackElo "1793"]
[PlyCount "70"]
[EventDate "2024.10.13"]
[EventType "team-tourn"]
[EventRounds "11"]
[EventCountry "CZE"]
[SourceTitle "CB16_2025"]
[SourceDate "2025.04.16"]
[SourceVersion "1"]
[SourceVersionDate "2025.04.16"]
[SourceQuality "1"]
[WhiteTeam "Krnov"]
[BlackTeam "Dolni Benesov II"]
[WhiteTeamCountry "CZE"]
[BlackTeamCountry "CZE"]

1. e4 e5 2. Nf3 Nf6 3. d4 Nxe4 4. Bd3 d5 5. dxe5 Nc6 6. 0-0 Be7 7. Nbd2 Nc5 8. Nb3 Nxd3 9. Qxd3 0-0 10. c3 Be6 11. Be3 Qd7 12. Nbd4 Nxd4 13. cxd4 Rac8 14. Rfc1 b6 15. Qa6 c5 16. h3 Rc7 17. Qe2 Rfc8 18. a3 Bf5 19. Rc3 Rc6 20. Rac1 h6 21. Kh2 Be4 22. Ne1 c4 23. f3 Bf5 24. g4 Bh7 25. Bd2 b5 26. f4 b4 27. axb4 Bxb4 28. Re3 Bxd2 29. Qxd2 Be4 30. Ra1 Rb6 31. Rea3 Rc7 32. Qc1 Qe7 33. Nc2 Qh4 34. Rg3 Rb3 35. Ra3 Qxg3# 0-1

[Event "Morava Region-chTA"]
[Site "Czech Republic"]
[Date "2024.11.03"]
[Round "2.5"]
[White "Vavrinkova, Anna"]
[Black "Kovacs, Viliam"]
[Result "1/2-1/2"]
[WhiteElo "1778"]
[BlackElo "1814"]
[PlyCount "68"]
[EventDate "2024.10.13"]
[EventType "team-tourn"]
[EventRounds "11"]
[EventCountry "CZE"]
[SourceTitle "CB16_2025"]
[SourceDate "2025.04.16"]
[SourceVersion "1"]
[SourceVersionDate "2025.04.16"]
[SourceQuality "1"]
[WhiteTeam "Dolni Benesov II"]
[BlackTeam "Opava Orel"]
[WhiteTeamCountry "CZE"]
[BlackTeamCountry "CZE"]

1. e4 c5 2. Nf3 d6 3. c3 a6 4. d4 cxd4 5. cxd4 e6 6. Nc3 Be7 7. Be2 Nf6 8. 0-0 0-0 9. Bf4 Nh5 10. Be3 Nf6 11. Rc1 b5 12. a3 Bb7 13. Bd3 Nbd7 14. Bb1 Rc8 15. Qd3 g6 16. Rfd1 Nb6 17. Nd2 Ng4 18. Bf4 Bh4 19. Bg3 Qf6 20. Bxh4 Qxh4 21. Qg3 Qxg3 22. hxg3 Kg7 23. Ne2 Nc4 24. Nxc4 bxc4 25. Nc3 d5 26. exd5 exd5 27. Na4 Bc6 28. Nc5 Rb8 29. Rd2 Rb6 30. Ba2 Rfb8 31. b3 cxb3 32. Nxb3 Rxb3 33. Bxb3 Rxb3 34. f3 Bb5 1/2-1/2

[Event "Morava Region-chTA"]
[Site "Czech Republic"]
[Date "2024.10.13"]
[Round "1.4"]
[White "Vavrinkova, Anna"]
[Black "Pavlasek, Lukas"]
[Result "0-1"]
[WhiteElo "1778"]
[BlackElo "1845"]
[PlyCount "58"]
[EventDate "2024.10.13"]
[EventType "team-tourn"]
[EventRounds "11"]
[EventCountry "CZE"]
[SourceTitle "CB16_2025"]
[SourceDate "2025.04.16"]
[SourceVersion "1"]
[SourceVersionDate "2025.04.16"]
[SourceQuality "1"]
[WhiteTeam "Dolni Benesov II"]
[BlackTeam "Rymarov Jiskra"]
[WhiteTeamCountry "CZE"]
[BlackTeamCountry "CZE"]

1. e4 c5 2. Nf3 Nc6 3. c3 e6 4. d4 cxd4 5. cxd4 d5 6. exd5 Qxd5 7. Nc3 Bb4 8. Bd2 Qd7 9. Bb5 a6 10. Ne5 Qc7 11. Qa4 axb5 12. Qxa8 Nxe5 13. dxe5 Qxe5+ 14. Kd1 Ne7 15. Qa7 Bxc3 16. bxc3 Nd5 17. Qd4 Qh5+ 18. f3 0-0 19. Ke2 Bd7 20. Rab1 Bc6 21. Be1 Qg6 22. Bd2 e5 23. Qf2 Qc2 24. Rb3 Nf4+ 25. Kf1 Qxa2 26. Bxf4 Qxb3 27. Bxe5 Qd1+ 28. Qe1 Qxe1+ 29. Kxe1 Re8 0-1

[Event "Jesenik op-B"]
[Site "Jesenik"]
[Date "2023.08.22"]
[Round "4"]
[White "Molnar, Jiri"]
[Black "Vavrinkova, Anna"]
[Result "0-1"]
[WhiteElo "1918"]
[BlackElo "1653"]
[PlyCount "86"]
[EventDate "2023.08.19"]
[EventType "swiss"]
[EventRounds "9"]
[EventCountry "CZE"]
[SourceTitle "CBM 216 Extra"]
[Source "ChessBase"]
[SourceDate "2023.11.30"]
[SourceVersion "1"]
[SourceVersionDate "2023.11.30"]
[SourceQuality "1"]

1. e4 e5 2. Nc3 Nf6 3. Bc4 Bc5 4. d3 h6 5. Nge2 c6 6. Ng3 d5 7. exd5 cxd5 8. Bb3 Ng4 9. Rf1 Nxh2 10. Rh1 Ng4 11. Rf1 Qh4 12. Nxd5 Bxf2+ 13. Rxf2 Qxg3 14. Qf3 Qxf2+ 15. Qxf2 Nxf2 16. Kxf2 Kd8 17. Bd2 Nc6 18. Bc3 f6 19. Re1 Bf5 20. Ne3 Bg6 21. Nc4 Bf7 22. Nd6 Bxb3 23. axb3 Kc7 24. Nf5 g6 25. Ne3 Rad8 26. Kg3 h5 27. Rf1 Rhf8 28. Nc4 b6 29. Nd2 Nd4 30. Re1 Kb7 31. Bxd4 Rxd4 32. Ne4 f5 33. Nc3 Rg4+ 34. Kh3 Re8 35. Nb5 Re6 36. d4 a6 37. d5 Rf6 38. Nc3 e4 39. g3 g5 40. Rf1 h4 41. Ne2 hxg3 42. Nxg3 Rh6+ 43. Kg2 f4 0-1

[Event "Jesenik op-B"]
[Site "Jesenik"]
[Date "2023.08.21"]
[Round "3"]
[White "Skocik, Marek"]
[Black "Vavrinkova, Anna"]
[Result "1-0"]
[WhiteElo "1911"]
[BlackElo "1653"]
[PlyCount "83"]
[EventDate "2023.08.19"]
[EventType "swiss"]
[EventRounds "9"]
[EventCountry "CZE"]
[SourceTitle "CBM 216 Extra"]
[Source "ChessBase"]
[SourceDate "2023.11.30"]
[SourceVersion "1"]
[SourceVersionDate "2023.11.30"]
[SourceQuality "1"]

1. d4 d5 2. Bf4 Nf6 3. e3 c5 4. c3 Nc6 5. Nd2 Bf5 6. Qb3 Qd7 7. Ngf3 c4 8. Qd1 e6 9. Ne5 Nxe5 10. dxe5 Ne4 11. Nxe4 Bxe4 12. f3 Bg6 13. h4 h6 14. Be2 Bc5 15. Qd2 b5 16. a3 a5 17. g4 Rb8 18. h5 Bh7 19. Kf2 b4 20. axb4 axb4 21. Bd1 b3 22. g5 hxg5 23. Bxg5 Be7 24. Rg1 Rg8 25. Qd4 Bxg5 26. Rxg5 Qd8 27. Rg1 Ra8 28. Be2 Ra2 29. Rxa2 bxa2 30. Qa7 Bb1 31. Bd1 Qh4+ 32. Rg3 Qh2+ 33. Rg2 Qh4+ 34. Ke2 a1Q 35. Qxa1 Bd3+ 36. Kd2 Qd8 37. Qa4+ Qd7 38. Qa8+ Qd8 39. Ba4+ Ke7 40. Qb7+ Kf8 41. Qb4+ Qe7 42. Qb8+ 1-0

[Event "CZE-ch U16 Girls"]
[Site "Kouty nad Desnou"]
[Date "2020.03.11"]
[Round "6"]
[White "Strnadova, Monika"]
[Black "Vavrinkova, Anna"]
[Result "0-1"]
[WhiteElo "1514"]
[BlackElo "1622"]
[PlyCount "74"]
[EventDate "2020.03.07"]
[EventType "swiss"]
[EventRounds "7"]
[EventCountry "CZE"]
[SourceTitle "CBM 195 Extra"]
[Source "ChessBase"]
[SourceDate "2020.05.31"]
[SourceVersion "1"]
[SourceVersionDate "2020.05.31"]
[SourceQuality "1"]

1. e4 c5 2. Nf3 Nc6 3. d4 cxd4 4. Nxd4 g6 5. Be3 Nf6 6. Nc3 Bg7 7. Be2 0-0 8. 0-0 d5 9. Nxc6 bxc6 10. exd5 Nxd5 11. Nxd5 cxd5 12. c3 Rb8 13. Qd2 Qd7 14. Bf3 Ba6 15. Rfd1 e6 16. b3 Qe7 17. b4 Rbc8 18. Bc5 Qc7 19. Rac1 Rfd8 20. Qe3 Rd7 21. Bg4 Bc4 22. a3 Qb7 23. h4 h5 24. Bh3 Kh7 25. Ra1 Bh6 26. Qe5 Qc7 27. Qxc7 Rcxc7 28. a4 Bg7 29. Ra3 Rd8 30. g3 e5 31. Be3 Bf6 32. Rc1 Be7 33. Rd1 Rb7 34. a5 Rc7 35. Rd2 d4 36. Bxd4 exd4 37. cxd4 Bxb4 0-1

[Event "CZE-ch U16 Girls"]
[Site "Kouty nad Desnou"]
[Date "2020.03.09"]
[Round "3"]
[White "Vavrinkova, Anna"]
[Black "Vsetulova, Viktorie"]
[Result "1-0"]
[WhiteElo "1622"]
[BlackElo "1334"]
[PlyCount "79"]
[EventDate "2020.03.07"]
[EventType "swiss"]
[EventRounds "7"]
[EventCountry "CZE"]
[SourceTitle "CBM 195 Extra"]
[Source "ChessBase"]
[SourceDate "2020.05.31"]
[SourceVersion "1"]
[SourceVersionDate "2020.05.31"]
[SourceQuality "1"]

1. e4 d5 2. exd5 Nf6 3. d4 Nxd5 4. c4 Nb6 5. Nc3 g6 6. Be3 Bg7 7. Nf3 0-0 8. h3 Nc6 9. Be2 e5 10. d5 Ne7 11. 0-0 Nf5 12. Bd2 Nd4 13. Nxd4 exd4 14. Ne4 Bf5 15. Nc5 Rb8 16. Bf4 Re8 17. Bd3 Qe7 18. Bxf5 Qxc5 19. Bd3 Rbd8 20. Rc1 c6 21. dxc6 Qxc6 22. b4 Nd7 23. Re1 Ne5 24. Qc2 Nxd3 25. Qxd3 Qd7 26. Rcd1 b6 27. a3 a5 28. c5 bxc5 29. bxc5 Qc6 30. Bd6 a4 31. Rxe8+ Rxe8 32. Rb1 Rc8 33. Rb6 Qe8 34. Qb1 h6 35. Rb7 h5 36. Re7 Qc6 37. Qa2 Kh8 38. Qxf7 Rg8 39. Be5 Qxc5 40. Bxg7+ 1-0

[Event "Karlovy Vary CupT U16"]
[Site "Karlovy Vary"]
[Date "2020.01.23"]
[Round "3.3"]
[White "Vavrinkova, Anna"]
[Black "Pejrimovska, Viola Ruby"]
[Result "1-0"]
[WhiteElo "1606"]
[BlackElo "1594"]
[PlyCount "109"]
[EventDate "2020.01.22"]
[EventType "team-swiss"]
[EventRounds "4"]
[EventCountry "CZE"]
[SourceTitle "CBM 194 Extra"]
[Source "ChessBase"]
[SourceDate "2020.03.31"]
[SourceVersion "1"]
[SourceVersionDate "2020.03.31"]
[SourceQuality "1"]
[WhiteTeam "Jihomoravsky kraj"]
[BlackTeam "Vysocina kraj"]
[WhiteTeamCountry "CZE"]
[BlackTeamCountry "CZE"]

1. e4 c5 2. Nf3 e6 3. c3 Nf6 4. d3 Nc6 5. Be2 d6 6. 0-0 Be7 7. h3 0-0 8. Bg5 a6 9. a4 b6 10. Re1 Bb7 11. Bf1 Qc7 12. Nbd2 Rfe8 13. Rc1 Rad8 14. d4 d5 15. e5 Ne4 16. Bxe7 Qxe7 17. Bd3 Nxd2 18. Qxd2 f6 19. Qe3 c4 20. Bb1 f5 21. Qg5 Qf7 22. Qh4 h6 23. Qg3 Ne7 24. h4 Kh8 25. Qh3 g6 26. Nh2 Rg8 27. Rf1 Rg7 28. f3 Kh7 29. g4 Rh8 30. Kh1 Kg8 31. Rg1 Bc8 32. Rcf1 Kf8 33. Bc2 Ke8 34. Qg3 h5 35. g5 f4 36. Qh3 Nf5 37. Bxf5 gxf5 38. Qg2 Rg6 39. Qd2 Bd7 40. Ra1 b5 41. axb5 Bxb5 42. Qxf4 a5 43. Rxa5 Bd7 44. Ra8+ Ke7 45. Rxh8 Be8 46. Rxh5 Qg8 47. Rh6 Kf8 48. Rxg6 Qxg6 49. Ng4 Kg7 50. Nf6 Kf8 51. Nxe8 Qxe8 52. g6 Kg8 53. Qh6 Qe7 54. g7 Qf7 55. Qh8# 1-0

[Event "Karlovy Vary CupT U16"]
[Site "Karlovy Vary"]
[Date "2020.01.23"]
[Round "4.3"]
[White "Vavrinkova, Anna"]
[Black "Trasakova, Adela"]
[Result "1-0"]
[WhiteElo "1606"]
[BlackElo "1613"]
[PlyCount "69"]
[EventDate "2020.01.22"]
[EventType "team-swiss"]
[EventRounds "4"]
[EventCountry "CZE"]
[SourceTitle "CBM 194 Extra"]
[Source "ChessBase"]
[SourceDate "2020.03.31"]
[SourceVersion "1"]
[SourceVersionDate "2020.03.31"]
[SourceQuality "1"]
[WhiteTeam "Jihomoravsky kraj"]
[BlackTeam "Pardubicky kraj"]
[WhiteTeamCountry "CZE"]
[BlackTeamCountry "CZE"]

1. e4 c6 2. d4 d5 3. exd5 cxd5 4. c4 Nf6 5. Nc3 Nc6 6. Nf3 Bg4 7. Be2 e6 8. c5 Be7 9. a3 0-0 10. b4 Ne4 11. Bb2 Bf6 12. Na2 Bxf3 13. Bxf3 e5 14. Bxe4 dxe4 15. d5 Nd4 16. Nc3 Qd7 17. 0-0 Qf5 18. Re1 Bh4 19. Nxe4 Rfd8 20. d6 Ne6 21. Ng3 Bxg3 22. fxg3 f6 23. Rf1 Qg6 24. Qd5 Qe8 25. Qxb7 Rd7 26. Qd5 Kh8 27. Rac1 a5 28. c6 Rda7 29. b5 Rd8 30. b6 Ra6 31. d7 Qe7 32. c7 Rxb6 33. c8Q Rxb2 34. Qcc6 Nd4 35. Qcd6 1-0

[Event "Karlovy Vary CupT U16"]
[Site "Karlovy Vary"]
[Date "2020.01.22"]
[Round "2.3"]
[White "Vavrinkova, Anna"]
[Black "Delgerdalai, Bayarjavkhlan"]
[Result "1/2-1/2"]
[WhiteElo "1606"]
[BlackElo "1540"]
[PlyCount "120"]
[EventDate "2020.01.22"]
[EventType "team-swiss"]
[EventRounds "4"]
[EventCountry "CZE"]
[SourceTitle "CBM 194 Extra"]
[Source "ChessBase"]
[SourceDate "2020.03.31"]
[SourceVersion "1"]
[SourceVersionDate "2020.03.31"]
[SourceQuality "1"]
[WhiteTeam "Jihomoravsky kraj"]
[BlackTeam "Zlinsky kraj"]
[WhiteTeamCountry "CZE"]
[BlackTeamCountry "CZE"]

1. e4 c5 2. c3 d5 3. exd5 Qxd5 4. d4 Nc6 5. Nf3 Bg4 6. Be2 e6 7. 0-0 Nf6 8. Be3 cxd4 9. cxd4 Be7 10. Nc3 Qd6 11. h3 Bh5 12. a3 0-0 13. Rc1 a6 14. b4 Rfd8 15. Qd2 Bxf3 16. Bxf3 Nxd4 17. Bxd4 Qxd4 18. Qxd4 Rxd4 19. Bxb7 Ra7 20. Bf3 Rc7 21. Na4 Rxc1 22. Rxc1 a5 23. Rc7 Bf8 24. Nc3 axb4 25. Nb5 Rd7 26. Rxd7 Nxd7 27. a4 Bc5 28. a5 Nb8 29. Be4 Kf8 30. Kf1 Ke7 31. Ke2 Kd7 32. Bd3 Kc6 33. f3 f5 34. Kd2 Na6 35. Kc2 Be3 36. Nd4+ Bxd4 37. Bxa6 e5 38. Kb3 Bc5 39. Bd3 g6 40. a6 Kb6 41. Kc4 Bd6 42. Kd5 Bc7 43. Ke6 b3 44. Kf7 b2 45. Kg7 f4 46. Kxh7 b1Q 47. Bxb1 g5 48. Kg6 Bd8 49. Kf5 Kxa6 50. Kxe5 Kb5 51. h4 gxh4 52. Kxf4 Kc5 53. Kg4 Kd5 54. f4 Be7 55. f5 Ke5 56. Bc2 Bf6 57. Bd3 Be7 58. Kh5 Bd8 59. Kg6 Bf6 60. Bc2 Be7 1/2-1/2

[Event "Karlovy Vary CupT U16"]
[Site "Karlovy Vary"]
[Date "2020.01.22"]
[Round "1.3"]
[White "Vavrinkova, Anna"]
[Black "Zalusky, Matej"]
[Result "1-0"]
[WhiteElo "1606"]
[BlackElo "1529"]
[PlyCount "86"]
[EventDate "2020.01.22"]
[EventType "team-swiss"]
[EventRounds "4"]
[EventCountry "CZE"]
[SourceTitle "CBM 194 Extra"]
[Source "ChessBase"]
[SourceDate "2020.03.31"]
[SourceVersion "1"]
[SourceVersionDate "2020.03.31"]
[SourceQuality "1"]
[WhiteTeam "Jihomoravsky kraj"]
[BlackTeam "Jihocesky kraj"]
[WhiteTeamCountry "CZE"]
[BlackTeamCountry "CZE"]

1. e4 Nc6 2. Nf3 g6 3. d4 d6 4. h3 Bg7 5. c3 a6 6. Bd3 e5 7. Bc2 exd4 8. Nxd4 Nge7 9. 0-0 0-0 10. Bg5 Nxd4 11. cxd4 Qd7 12. Nc3 Nc6 13. Be3 Re8 14. a3 Ne7 15. Bb3 c6 16. Qf3 Kh8 17. Qxf7 Rf8 18. Qc4 b5 19. Qe2 Bb7 20. Qd2 Rad8 21. Bh6 Bxh6 22. Qxh6 c5 23. dxc5 dxc5 24. Rad1 Qc7 25. Qh4 c4 26. Bc2 Nc6 27. Nd5 Qf7 28. f4 Bc8 29. Qf2 Be6 30. Nc3 Kg8 31. Qb6 Qa7 32. Qxa7 Nxa7 33. Nd5 Nc6 34. Nc7 Bc8 35. Rxd8 Rxd8 36. Rd1 Rxd1+ 37. Bxd1 Nd4 38. Kf2 Kf7 39. Ke3 Nc6 40. Bf3 Ne7 41. Kd4 Ng8 42. e5 Ne7 43. g4 Kf8 1-0

[Event "Klatovy op-B 24th"]
[Site "Klatovy"]
[Date "2018.07.06"]
[Round "7"]
[White "Zednik, Zdenek"]
[Black "Vavrinkova, Anna"]
[Result "1-0"]
[WhiteElo "1913"]
[BlackElo "1463"]
[PlyCount "65"]
[EventDate "2018.06.30"]
[EventType "swiss"]
[EventRounds "9"]
[EventCountry "CZE"]
[SourceTitle "EXT 2019"]
[Source "ChessBase"]
[SourceDate "2018.10.10"]
[SourceVersion "1"]
[SourceVersionDate "2018.10.10"]
[SourceQuality "1"]

1. c4 c6 2. Nc3 d5 3. d4 Nf6 4. Nf3 e6 5. e3 Bb4 6. Bd2 0-0 7. Bd3 Nbd7 8. 0-0 Ba5 9. Qc2 h6 10. a3 Bc7 11. e4 dxe4 12. Nxe4 b6 13. Rad1 Bb7 14. Bc3 Nxe4 15. Bxe4 Nf6 16. Bd3 Bd6 17. b4 c5 18. dxc5 bxc5 19. bxc5 Bxf3 20. gxf3 Bxc5 21. Bh7+ Nxh7 22. Rxd8 Rfxd8 23. Bb4 Bb6 24. Rd1 Ng5 25. Kg2 Rxd1 26. Qxd1 Rd8 27. Qe2 Rd4 28. c5 Bc7 29. Qa6 Bf4 30. c6 Be5 31. Bc3 Rd5 32. Bxe5 Rxe5 33. f4 1-0

[Event "Klatovy op-B 24th"]
[Site "Klatovy"]
[Date "2018.07.04"]
[Round "5"]
[White "Filip, Stepan"]
[Black "Vavrinkova, Anna"]
[Result "0-1"]
[WhiteElo "1307"]
[BlackElo "1463"]
[PlyCount "92"]
[EventDate "2018.06.30"]
[EventType "swiss"]
[EventRounds "9"]
[EventCountry "CZE"]
[SourceTitle "CBM 185 Extra"]
[Source "ChessBase"]
[SourceDate "2018.07.29"]
[SourceVersion "1"]
[SourceVersionDate "2018.07.29"]
[SourceQuality "1"]

1. e4 c5 2. Nf3 Nc6 3. d4 cxd4 4. Nxd4 g6 5. Nc3 Bg7 6. Be3 d6 7. Bc4 Nf6 8. f3 Qb6 9. Rb1 Nxe4 10. Nf5 Bxc3+ 11. bxc3 Qa5 12. fxe4 Qxc3+ 13. Kf2 Qxc4 14. Nd4 Nxd4 15. Bxd4 e5 16. Be3 Qxe4 17. Qxd6 Qxc2+ 18. Kf3 Qc6+ 19. Qxc6+ bxc6 20. Rhc1 Bd7 21. Rb7 a6 22. Bc5 Be6 23. Rcb1 Kd8 24. Rb8+ Rxb8 25. Rxb8+ Bc8 26. Bd6 Re8 27. Ke4 f5+ 28. Ke3 Kd7 29. Bc5 Kc7 30. Rb2 g5 31. Rd2 Re6 32. a4 e4 33. g3 a5 34. h3 h5 35. Rb2 Re5 36. Bd4 Rd5 37. Bf6 Rd3+ 38. Kf2 Rf3+ 39. Kg2 f4 40. Be5+ Kd7 41. gxf4 gxf4 42. Rd2+ Ke7 43. Rd4 Bxh3+ 44. Kg1 Bf5 45. Bc7 e3 46. Bxf4 e2 0-1

[Event "Morava-ch U14"]
[Site "Loucna nad Desnou"]
[Date "2017.10.27"]
[Round "7"]
[White "Vavrinkova, Anna"]
[Black "Kijonka, Ondrej"]
[Result "1/2-1/2"]
[WhiteElo "1603"]
[BlackElo "1382"]
[PlyCount "48"]
[EventDate "2017.10.24"]
[EventType "swiss"]
[EventRounds "9"]
[EventCountry "CZE"]
[SourceTitle "EXT 2020"]
[Source "ChessBase"]
[SourceDate "2019.10.17"]
[SourceVersion "1"]
[SourceVersionDate "2019.10.17"]
[SourceQuality "1"]

1. e4 c5 2. Nf3 d6 3. d4 cxd4 4. Nxd4 Nf6 5. Nc3 g6 6. Bd3 Bg7 7. 0-0 Nc6 8. Nxc6 bxc6 9. h3 0-0 10. Re1 Bb7 11. Be3 d5 12. exd5 cxd5 13. Bc5 Re8 14. Bd4 Qc7 15. Nb5 Qa5 16. Nc3 Rad8 17. Bb5 Nd7 18. Bxg7 Kxg7 19. Bf1 e6 20. Ne2 e5 21. c3 Qb6 22. Qd2 Nf6 23. Ng3 Qc6 24. Rad1 Ba6 1/2-1/2

[Event "Morava-ch U14"]
[Site "Loucna nad Desnou"]
[Date "2017.10.26"]
[Round "4"]
[White "Vavrinkova, Anna"]
[Black "Kolar, Jan1"]
[Result "0-1"]
[WhiteElo "1603"]
[BlackElo "1664"]
[PlyCount "106"]
[EventDate "2017.10.24"]
[EventType "swiss"]
[EventRounds "9"]
[EventCountry "CZE"]
[SourceTitle "EXT 2020"]
[Source "ChessBase"]
[SourceDate "2019.10.17"]
[SourceVersion "1"]
[SourceVersionDate "2019.10.17"]
[SourceQuality "1"]

1. e4 c5 2. Nf3 d6 3. d4 cxd4 4. Nxd4 Nf6 5. Nc3 a6 6. Bc4 e6 7. 0-0 Be7 8. a3 b5 9. Bd3 0-0 10. Kh1 Bb7 11. Be3 Nbd7 12. f3 Qc7 13. Bf2 d5 14. exd5 Nxd5 15. Nxd5 Bxd5 16. Bg3 Qb6 17. Bf2 Bc5 18. b4 Bxd4 19. Bxd4 Qd6 20. Re1 Kh8 21. Bb2 Qc7 22. Rc1 Nb6 23. Qe2 Nc4 24. Bxc4 Bxc4 25. Qe5 Qxe5 26. Bxe5 Rfd8 27. Red1 Kg8 28. Kg1 f6 29. Bb2 Kf7 30. f4 Kg6 31. Re1 Rd6 32. Rcd1 Rad8 33. Rxd6 Rxd6 34. Bc1 Kf5 35. Kf2 h6 36. h4 Rc6 37. c3 Bd5 38. Bd2 h5 39. g3 Be4 40. Re3 Rd6 41. Ke1 Rd7 42. Bc1 Bc2 43. Bd2 Bb3 44. Rf3 Kg4 45. Re3 Rd6 46. Ke2 Bc4+ 47. Ke1 Kh3 48. Bc1 Kg2 49. Bd2 Rd3 50. Rxd3 Bxd3 51. Be3 Kxg3 52. Bf2+ Kxf4 53. Kd2 Bc4 0-1

[Event "Morava-ch U14"]
[Site "Loucna nad Desnou"]
[Date "2017.10.25"]
[Round "3"]
[White "Lanca, Petr David"]
[Black "Vavrinkova, Anna"]
[Result "0-1"]
[WhiteElo "1352"]
[BlackElo "1603"]
[PlyCount "130"]
[EventDate "2017.10.24"]
[EventType "swiss"]
[EventRounds "9"]
[EventCountry "CZE"]
[SourceTitle "EXT 2020"]
[Source "ChessBase"]
[SourceDate "2019.10.17"]
[SourceVersion "1"]
[SourceVersionDate "2019.10.17"]
[SourceQuality "1"]

1. e4 e5 2. Nf3 Nf6 3. Nxe5 d6 4. Nf3 Nxe4 5. d4 d5 6. Bd3 Bd6 7. c4 c6 8. 0-0 0-0 9. Nc3 Nxc3 10. bxc3 dxc4 11. Bxc4 Bg4 12. Bd3 h6 13. Re1 Nd7 14. h3 Be6 15. Qc2 Nf6 16. Ne5 Qc7 17. f4 c5 18. g4 cxd4 19. cxd4 Qxc2 20. Bxc2 Rac8 21. Bb3 Bxb3 22. axb3 a6 23. Kf2 Rc3 24. Re3 Rc2+ 25. Re2 Rfc8 26. Nc4 Rxe2+ 27. Kxe2 Bb4 28. Be3 Nd5 29. Bf2 Nxf4+ 30. Ke3 Nxh3 31. Bh4 Re8+ 32. Kd3 Nf4+ 33. Kc2 Re2+ 34. Kd1 Rh2 35. Bg3 Rh1+ 36. Kc2 Rxa1 37. Bxf4 Re1 38. Kd3 Kf8 39. d5 Ke8 40. d6 Kd8 41. Kd4 Rd1+ 42. Ke4 Kd7 43. Nb6+ Kc6 44. Nc4 Bxd6 45. Na5+ Kc7 46. Be3 Re1 47. Kd4 Bc5+ 48. Kxc5 Rxe3 49. Nc4 Rc3 50. Kb4 Rxc4+ 51. Kxc4 Kc6 52. b4 g6 53. Kd4 f5 54. gxf5 gxf5 55. Ke5 Kb5 56. Kxf5 Kxb4 57. Kg6 a5 58. Kxh6 a4 59. Kg5 a3 60. Kf4 a2 61. Ke3 a1Q 62. Kd2 Qa3 63. Kc2 Qc3+ 64. Kb1 Qd2 65. Ka1 Kb3 0-1

[Event "Klatovy op-B 23rd"]
[Site "Klatovy"]
[Date "2017.07.08"]
[Round "8"]
[White "Vavrinkova, Anna"]
[Black "Bainhofner, Jiri"]
[Result "1-0"]
[WhiteElo "1452"]
[BlackElo "1755"]
[PlyCount "61"]
[EventDate "2017.07.01"]
[EventType "swiss"]
[EventRounds "9"]
[EventCountry "CZE"]
[SourceTitle "EXT 2018"]
[Source "ChessBase"]
[SourceDate "2017.10.13"]
[SourceVersion "1"]
[SourceVersionDate "2017.10.13"]
[SourceQuality "1"]

1. e4 e5 2. Nf3 Nc6 3. Bb5 a6 4. Ba4 Nf6 5. d3 b5 6. Bb3 h6 7. c3 d6 8. h3 Be7 9. 0-0 0-0 10. Re1 Be6 11. Nbd2 Na5 12. Bc2 Nh7 13. d4 exd4 14. cxd4 c6 15. b3 f6 16. Bb2 Qd7 17. Qe2 Ng5 18. Nxg5 fxg5 19. Qd3 g6 20. Rab1 d5 21. Qc3 b4 22. Qe3 Rae8 23. exd5 Bf5 24. dxc6 Nxc6 25. Bxf5 Rxf5 26. Qe6+ Qxe6 27. Rxe6 Nb8 28. Rxg6+ Kh7 29. Re6 a5 30. Rbe1 Rf7 31. Nc4 1-0

[Event "Liptovsky Mikulas CupT U20"]
[Site "Liptovsky Mikulas"]
[Date "2017.06.21"]
[Round "1.2"]
[White "Golda, Sebastian"]
[Black "Vavrinkova, Anna"]
[Result "1-0"]
[WhiteElo "1997"]
[BlackElo "1485"]
[PlyCount "69"]
[EventDate "2017.06.21"]
[EventType "team-swiss"]
[EventRounds "8"]
[EventCountry "SVK"]
[SourceTitle "CBM 179 Extra"]
[Source "ChessBase"]
[SourceDate "2017.08.23"]
[SourceVersion "1"]
[SourceVersionDate "2017.08.23"]
[SourceQuality "1"]
[WhiteTeam "Krakow CC"]
[BlackTeam "Opavsko II"]
[WhiteTeamCountry "POL"]
[BlackTeamCountry "CZE"]

1. e4 e5 2. Nf3 Nf6 3. d4 Nxe4 4. Bd3 d5 5. dxe5 Nc5 6. Be2 Be7 7. 0-0 0-0 8. Be3 Be6 9. Nd4 Bd7 10. Nd2 Nc6 11. N2f3 a6 12. c3 Re8 13. Nxc6 Bxc6 14. Nd4 Bd7 15. f4 c6 16. Bg4 Ne4 17. Qf3 h6 18. Rae1 Bc5 19. Qh3 Bxg4 20. Qxg4 Bf8 21. e6 Nf6 22. Qh3 Qc7 23. f5 Rad8 24. Rf3 Bd6 25. Qh4 Qe7 26. Rh3 Qf8 27. g4 Nh7 28. g5 Be7 29. f6 gxf6 30. exf7+ Qxf7 31. Nf5 Kh8 32. Bd4 Rg8 33. Rxe7 Qg6 34. Rxh7+ Kxh7 35. Qxh6+ 1-0

[Event "EU-ch U12 Girls 26th"]
[Site "Prague"]
[Date "2016.08.27"]
[Round "9"]
[White "Vavrinkova, Anna"]
[Black "Datelova, Daniela"]
[Result "0-1"]
[WhiteElo "1421"]
[BlackElo "1340"]
[PlyCount "22"]
[EventDate "2016.08.18"]
[EventType "swiss"]
[EventRounds "9"]
[EventCountry "CZE"]
[SourceTitle "CBM 174 Extra"]
[Source "ChessBase"]
[SourceDate "2016.10.10"]
[SourceVersion "1"]
[SourceVersionDate "2016.10.10"]
[SourceQuality "1"]

1. e4 e6 2. d4 d5 3. Nd2 Nf6 4. e5 Nfd7 5. c4 c5 6. Nb3 Nc6 7. f4 Qb6 8. cxd5 exd5 9. dxc5 Nxc5 10. Nxc5 Bxc5 11. Qc2 Bxg1 0-1

[Event "Klatovy op-B 22nd"]
[Site "Klatovy"]
[Date "2016.07.09"]
[Round "8"]
[White "Vavrinkova, Anna"]
[Black "Stross, Frantisek1"]
[Result "1/2-1/2"]
[WhiteElo "1364"]
[BlackElo "1652"]
[PlyCount "80"]
[EventDate "2016.07.02"]
[EventType "swiss"]
[EventRounds "9"]
[EventCountry "CZE"]
[SourceTitle "EXT 2019"]
[Source "ChessBase"]
[SourceDate "2018.10.10"]
[SourceVersion "1"]
[SourceVersionDate "2018.10.10"]
[SourceQuality "1"]

1. e4 e5 2. Nf3 Nc6 3. Bb5 a6 4. Bxc6 dxc6 5. d4 exd4 6. Qxd4 Qxd4 7. Nxd4 c5 8. Nb3 c4 9. Nd4 c5 10. Nf3 Bg4 11. Nbd2 Bd6 12. 0-0 Nf6 13. Re1 h6 14. h3 Be7 15. Ne5 b5 16. Nc6 Bd8 17. Nxd8 Rxd8 18. a3 0-0 19. c3 Rd3 20. Nf3 Nd7 21. Kh2 f5 22. exf5 Bxf5 23. Be3 Rc8 24. Rad1 Be4 25. Ng1 Nf6 26. f3 Bg6 27. Bf2 Rc6 28. Ne2 Nd5 29. Nc1 Rxd1 30. Rxd1 Nc7 31. Bg3 Ne6 32. Ne2 a5 33. Rd6 Be8 34. Rxc6 Bxc6 35. Bd6 Kf7 36. f4 Nxf4 37. Bxf4 Ke6 38. Kg3 b4 39. Kf2 Ba4 40. Bc7 b3 1/2-1/2

[Event "Klatovy op-B 22nd"]
[Site "Klatovy"]
[Date "2016.07.05"]
[Round "4"]
[White "Kocandova, Martina"]
[Black "Vavrinkova, Anna"]
[Result "1/2-1/2"]
[WhiteElo "1731"]
[BlackElo "1364"]
[PlyCount "36"]
[EventDate "2016.07.02"]
[EventType "swiss"]
[EventRounds "9"]
[EventCountry "CZE"]
[SourceTitle "EXT 2019"]
[Source "ChessBase"]
[SourceDate "2018.10.10"]
[SourceVersion "1"]
[SourceVersionDate "2018.10.10"]
[SourceQuality "1"]

1. e4 d5 2. exd5 Qxd5 3. Nc3 Qd6 4. d4 Nf6 5. Be2 Nc6 6. Nf3 Bg4 7. 0-0 0-0-0 8. Nb5 Qd7 9. c3 e6 10. Qc2 a6 11. Na3 h6 12. Nc4 Bf5 13. Bd3 Bxd3 14. Qxd3 Bd6 15. Qe2 Rhe8 16. Nce5 Bxe5 17. Nxe5 Nxe5 18. dxe5 Nd5 1/2-1/2